000 00361 a2200157 4500
001 76270
020 _a978-85-8235-185-7
040 _cAnchieta - Colégio São Paulo
100 _aVieira, Bruna
240 1 0 _aDe volta aos sonhos
_l
245 1 0 _aDe volta aos sonhos
300 _a205
362 0 _a2014
650 4 _aLiteratura infanto-juvenil
942 _cBK
999 _c76270
_d76270